El shock del futuro
Saved in:
| Hovedforfatter: | |
|---|---|
| Format: | Bog |
| Sprog: | spansk |
| Udgivet: |
Barcelona
Plaza-Janes
1995
|
| Udgivelse: | 9a. ed |
| Serier: | Biblioteca de Alvin Toffler
Tribuna 106-2 |
| Fag: | |
| Tags: |
Tilføj Tag
Ingen Tags, Vær først til at tagge denne postø!
|
MARC
| LEADER | 00000nam a2200000 a 4500 | ||
|---|---|---|---|
| 001 | UCZ1558 | ||
| 003 | CL-VaPUC | ||
| 008 | 950824e19950200SP |||||||||||||||||spa|d | ||
| 082 | 0 | 4 | |a 303.49 |b TOF |2 21 |
| 100 | 0 | |a Toffler, Alvin |e author |9 345126 | |
| 245 | 1 | 3 | |a El shock del futuro |
| 250 | |a 9a. ed | ||
| 300 | |a 544 p | ||
| 942 | |c BK | ||
| 945 | |d 19950824 00:00:00 |a awong | ||
| 260 | |a Barcelona |b Plaza-Janes |c 1995 | ||
| 650 | 0 | |a Sociología |9 255410 | |
| 650 | 0 | |a Política económica |9 255029 | |
| 650 | 0 | |a Sociedad contemporánea |9 337179 | |
| 650 | 0 | |a Ciencia y tecnología |9 260585 | |
| 650 | 7 | |a FUTUROLOGIA |2 CL-VaPUC |9 328866 | |
| 650 | 0 | |a Psicología social |9 222894 | |
| 650 | 0 | |a Adaptación social |9 336043 | |
| 583 | |a last modification |c 19950824 00:00:00 |k Rodrigo Vera | ||
| 490 | 0 | |a Biblioteca de Alvin Toffler | |
| 490 | 0 | |a Tribuna 106-2 | |
| 999 | |c 238294 |d 238292 | ||
| 952 | |0 0 |1 0 |4 0 |6 303_490000000000000_TOF_1995 |7 0 |8 A |9 248362 |a BIBMEC |b BIBMEC |d 2019-11-18 |i 3126692 |o 303.49 TOF 1995 |p 3126692 |r 2024-01-19 |w 2019-11-18 |y BK |k MEC | ||
| 952 | |0 0 |1 0 |4 0 |6 303_490000000000000_TOF_1995 |7 0 |8 A |9 248363 |a BIBING |b BIBING |d 2019-11-18 |i 3493210 |o 303.49 TOF 1995 |p 3493210 |r 2025-01-20 |w 2019-11-18 |y BK |k CCI | ||
| 952 | |0 0 |1 0 |4 0 |6 303_490000000000000_TOF_1995 |7 0 |8 A |9 248364 |a BIBING |b BIBING |d 2019-11-18 |i 3493229 |o 303.49 TOF 1995 |p 3493229 |r 2025-01-20 |w 2019-11-18 |y BK |k CCI | ||
| 952 | |0 0 |1 0 |4 0 |6 303_490000000000000_TOF_1995 |7 0 |8 A |9 248365 |a BIBING |b BIBING |d 2019-11-18 |i 3493237 |o 303.49 TOF 1995 |p 3493237 |r 2025-01-20 |w 2019-11-18 |y BK |k CCI | ||